000 01222nam a22002537a 4500
005 20101220120927.0
008 101220t xxu||||| |||| 00| 0 eng d
010 _aENG-101834
020 _c600.00
035 _aEN-85367
037 _bDBAD/Author
040 _adpl
_bEng
082 _a412
100 _aVerma,Ram Singh
_924954
245 _aOwm Vigyan /
_cby Ran Singh Verma
260 _aJaipur (Rajasthan)
_bIndus Cultural Publications
_c2008
270 _aPlot No. : E-9, Sarswati Nagar, Opp. 6 Sector, Malviya Nagar
_bJaipur (Rajasthan)
_e302017
_k0141-2725635 ,9799877638
_l0141-2725635
_micp.book@gmail.com, icp.book@rediffmail.com
300 _a425p.
_c25cm (pbk)
500 _aIncludes bibliographical references
500 _a1 book in 2 parts and book is in both English and Hindi language
505 _aPt.1 : Comparitive study of scripts & cultural and materialistic relations of India with world ; Pt.2 The creation of the scripts in three-kinds which are mothers of all the scripts & the Chinese language's words alphabetic
942 _2ddc
_cEN
_mVER
_h412
999 _c49309
_d49309